| 000 | 00929cam a22002893a 4500 | ||
|---|---|---|---|
| 001 | 11141 | ||
| 003 | PGUSA | ||
| 005 | 20140828083233.0 | ||
| 008 | 040201s2004||||xxu|||||s|||||000 1 eng d | ||
| 040 |
_aPGUSA _beng |
||
| 042 | _adc | ||
| 050 | 4 | _aPZ | |
| 100 | 1 |
_aWhitney, A. D. T. _q(Adeline Dutton Train), _d1824-1906 |
|
| 245 | 1 | 2 |
_aA Summer in Leslie Goldthwaite's Life. _h[electronic resource] / _cA. D. T. Whitney |
| 260 |
_bProject Gutenberg, _c2004 |
||
| 506 | _aPublic domain in the USA. | ||
| 516 | _aElectronic text | ||
| 653 | _aCousins -- Juvenile fiction | ||
| 653 | _aChristian life -- Juvenile fiction | ||
| 653 | _aVacations -- Juvenile fiction | ||
| 653 | _aFriendship -- Juvenile fiction | ||
| 653 | _aSummer -- Juvenile fiction | ||
| 653 | _aGirls -- Conduct of life -- Juvenile fiction | ||
| 830 | 0 |
_aProject Gutenberg _v11141 |
|
| 856 | 4 | 0 | _uhttp://www.gutenberg.org/ebooks/11141 |
| 942 | _cEB | ||
| 999 |
_c240396 _d240396 |
||